Fiedor, Karol, 1927-2010. Polska i Polacy w polityce Trzeciej Rzeszy 1933-1939. - Łódź. - 2005 [Rezension]

Titel: Fiedor, Karol, 1927-2010. Polska i Polacy w polityce Trzeciej Rzeszy 1933-1939. - Łódź. - 2005 [Rezension]
Verfasser:
In: Przegląd zachodni. [Polnische Ausgabe], Band 63, Heft 4 (2007), Seite 223-225
alle Artikel anzeigen
Veröffentlicht: 2007
Format: Aufsatz
Sprache: Polnisch
Kein Bild verfügbar
X
alg: 39513625
001A    $01999:12-11-16 
001B    $01999:04-08-21 $t21:06:01.000 
001D    $01999:12-11-16 
001U    $0utf8 
001X    $00 
002@    $0Aox 
003@    $0395136253 
007A    $0395136253 $aHEB 
007T    $0Herda25691h 
010@    $apol 
011@    $a2007 
021A    $aFiedor, Karol, 1927-2010. Polska i Polacy w polityce Trzeciej Rzeszy 1933-1939. - Łódź. -  2005 [Rezension] 
028A    $aSolak $dJanusz 
031A    $d63 $e4 $h223-225 $j2007 
039B    $aIn $8--Abvc--. Przegląd zachodni. [Polnische Ausgabe]. - Poznań : Inst. Zachodni, 1945-. - ISSN 0033-2437 $x200700000630004777 $904745606X 
039T    $8--Aax--Fiedor, Karol$Z1927-2010 [Tp1]. Polska i Polacy w polityce Trzeciej Rzeszy 1933-1939. - Łódź, 2005 $9395634377 
045F    $a900.9438 $eDDC23BSB 
045F/01 $a900 
045F/03 $g438 
045T    $a7,41 $a3,6 

lok: 39513625 78

exp: 39513625 78 1 #EPN
201B/01 $018-11-16 $t13:51:13.000 
201U/01 $0utf8 
203@/01 $0791434958 
208@/01 $a12-11-16 $be 
209A/01 $a/ $f000 $x00 
220C/01 $aHerkunft: PBB/IH PAN 
244Z/01 $2Trx $#Poola $#Lenkija $#Polija $#Polen Land $#Poland $#Lengyelország $#Poľsko $#Polsko $8--Trx--Polska$gkraj $x01 $9391345966 
244Z/01 $2Trx $#arvustused $#recenzijos $#Reviews $#recenziók $#recenzje $#recenzie $#recenze $8--Trx--Rezensionen $x02 $9391357441 
247C/01 $82080>Marburg/Lahn, Herder-Institut, Forschungsbibliothek, Bibliographieportal $9336309341
LEADER 00000caa a22000002c 4500
001 395136253
003 DE-603
005 20210804210601.0
007 tu
008 161112s2007 xx |||| | u00||u|pol c
035 |a (DE-599)HEB395136253 
040 |a DE-603  |b ger  |c DE-603  |d DE-603 
041 |a pol 
082 0 4 |8 1\u  |a 900.9438  |q DE-101  |2 23/BSB 
084 |a 7,41  |a 3,6  |2 ssgn 
085 |8 1\u  |b 900 
085 |8 1\u  |z 2  |s 438 
100 1 |a Solak, Janusz 
245 0 0 |a Fiedor, Karol, 1927-2010. Polska i Polacy w polityce Trzeciej Rzeszy 1933-1939. - Łódź. - 2005 [Rezension] 
264 0 |c 2007 
773 0 8 |i In  |t Przegląd zachodni. [Polnische Ausgabe]  |d Poznań : Inst. Zachodni, 1945-  |h 24 cm  |x 0033-2437  |g Band 63, Heft 4 (2007), Seite 223-225  |w (DE-603)04745606X  |w (DE-600)281538-2 
787 0 8 |i Rezension von  |a Fiedor, Karol, 1927-2010  |t Polska i Polacy w polityce Trzeciej Rzeszy 1933-1939  |d Łódź, 2005  |w (DE-603)395634377 
924 0 |9 2080  |a (DE-603)791434958  |b DE-2080  |c HES  |d d  |g /